000 00265nam a22000977a 4500
008 230714b |||||||| |||| 00| 0 eng d
020 _a9781421530635
100 _aKUSAKA HIDENORI
_97698
245 _aPOKEMON ADVENTURES-V0L-10
260 _aSAN FRANCISCO
_bVIZ MEDIA
_c2022
999 _c12374
_d12374